000
00317 a2200157 4500
001
192531
020
_a
978-85-16-09131-6
040
_c
Magnum
240
1
0
_a
Supermercado
_l
por
245
1
0
_a
Supermercado
300
_a
9
362
0
_a
2014
440
1
_a
Salamandra
697
_a
LITERATURA INFANTIL
942
_c
BK
999
_c
192531
_d
192531